|
|
|
|
| LEADER |
00000nam0a2200000 4500 |
| 001 |
146211 |
| 005 |
20231031144525.0 |
| 010 |
|
|
|a 9785388005779
|
| 035 |
|
|
|a (RuTPU)RU\TPU\book\158479
|
| 090 |
|
|
|a 146211
|
| 100 |
|
|
|a 20081028d2009 m y0rusy50 ca
|
| 101 |
0 |
|
|a rus
|
| 102 |
|
|
|a RU
|
| 105 |
|
|
|a a z 000zy
|
| 200 |
1 |
|
|a AutoCAD 2009
|f Т. Ю. Соколова
|
| 210 |
|
|
|a СПб.
|c Питер
|d 2009
|
| 215 |
|
|
|a 176 с.
|c ил.
|
| 225 |
1 |
|
|a Начали!
|
| 330 |
|
|
|a Эта книга посвящена новой версии самой популярной и мощной универсальной среды проектирования AutoCAD 2009, разработанной компанией Autodesk. Издание предназначено для начинающего пользователя, незнакомого с методами автоматизированного геометрического моделирования и компьютерными технологиями. Для более подробного изучения программы читателю предлагается воспользоваться книгой Т. Ю. Соколовой «AutoCAD 2009. Учебный курс», к которой прилагается компакт-диск с уникальной авторской тренинг-системой, предназначенной для изучения среды AutoCAD.
|
| 333 |
|
|
|a Исключено из фонда НТБ ТПУ
|
| 675 |
|
|
|a 681.327.1
|v 3
|
| 700 |
|
1 |
|a Соколова
|b Т. Ю.
|g Татьяна Юрьевна
|
| 801 |
|
1 |
|a RU
|b 63413507
|c 20081028
|g PSBO
|
| 801 |
|
2 |
|a RU
|b 63413507
|c 20210203
|g PSBO
|
| 900 |
|
|
|a Компьютерная графика
|
| 942 |
|
|
|c BK
|
| 959 |
|
|
|a 94/20081023
|d 1
|e 80,00
|f ЧЗТЛ:1
|